• 首页
  • 本馆介绍
  • 公告通知
  • 最新文献
  • 馆藏检索
  • 电子资源
  • 读者导购
  • 参考咨询
  • 我的图书馆
  • 登录
  • 详细信息显示
  • 放入我的书架
  • 预约/预借图书
  • 作者相关作品
  • 分类相关作品
  • 丛书相关作品
  • 出版社相关作品

书目信息

  • 表格格式
  • 工作单格式
  • 卡片格式
题名:
音乐教育与教学法
    
 
作者: 郁文武 , 谢嘉幸 编著
分册:  
出版信息: 北京   高等教育出版社  1991.10
页数: 105页
开本: 26cm
丛书名:
单 册:
中图分类: J6-42
科图分类:
主题词: 音乐
电子资源:
ISBN: 7-04-003523-5
000 00545nam0 2200205 45
001 0009211093
005 20040517094136.9
010    @a7-04-003523-5@dCNY6.70
100    @a20000921d1991 km y0chiy0120 ea
101 0  @achi
105    @a z 000yy
200 1  @a音乐教育与教学法@f郁文武,谢嘉幸编著@FYu Wen Wu,Xie Jia Xing Bian Zhu
210    @a北京@c高等教育出版社@d1991.10
215    @a105页@d26cm
606 0  @a音乐
690    @aJ6-42@v1
701  0 @a郁文武@4编著
701  0 @a谢嘉幸@4编著
801    @aCN@bTSTC@c20020423
905    @dJ6-42@e158
    
    音乐教育与教学法/郁文武,谢嘉幸编著.-北京:高等教育出版社,1991.10
    105页;26cm
    
    
    ISBN 7-04-003523-5:CNY6.70
    
●
相关链接 在E读中查询图书 在五车中查询图书 在当当中查询图书 在豆瓣中查询图书


正题名:音乐教育与教学法     索取号:J6-42/158         预约/预借

序号 登录号 条形码 馆藏地/架位号 状态 备注
1 0284928   002849289   第一样本阅览室/ [索取号:J6-42/158] 在馆    
2 0290638   002906387   第一借阅区/ [索取号:J6-42/158] 在馆    
3 0290639   002906396   第一借阅区/ [索取号:J6-42/158] 在馆    
4 0290640   002906403   第一借阅区/ [索取号:J6-42/158] 在馆    
5 0290641   002906412   第一借阅区/ [索取号:J6-42/158] 在馆    
6 0290642   002906421   第一样本阅览室/ [索取号:J6-42/158] 在馆    
唐山师范学院图书馆 欢迎您!
大连网信软件有限公司© 版权所有